Entry Nombre personal
001 - NÚMERO DE CONTROL
- campo de control: 108823
003 - IDENTIFICADOR DE NÚMERO DE CONTROL
- campo de control: OSt
005 - FECHA Y HORA DE LA ÚLTIMA TRANSACCIÓN
- campo de control: 20230222192715.0
008 - ELEMENTOS DE DATO DE LONGITUD-FIJA
- campo de control de longitud fija: 920507 n acnnnaaan n ann d
040 ## - FUENTE DE CATALOGACIÓN
- Centro catalogador/agencia de origen: OSt
- Centro/agencia transcriptor: OSt
100 00 - ENCABEZAMIENTO-NOMBRE DE PERSONA
- Nombre de persona: Sureda i Carrión, Alfons
400 00 - TRAZADO DE VÉASE--NOMBRE DE PERSONA
- Nombre de persona: Sureda i Carrion, Alfonso
400 00 - TRAZADO DE VÉASE--NOMBRE DE PERSONA
- Nombre de persona: Sureda, Alfonso
400 00 - TRAZADO DE VÉASE--NOMBRE DE PERSONA
- Nombre de persona: Sureda Carrión, Alfons
